00627nam a2200193Ia 4500008004100000020001500041082001500056100002500071245003400096250000700130260004000137300002700177500001900204600002100223650005000244942000700294952011700301999001500418240925s9999 xx 000 0 und d a8178082942 a005.44 TAN aTanenbaum, Andrew S. 0aDistributed Operating Systems aNA aIndiana:bPearson Educationc,2001. axii,611p.bNAfPirated aIncludes Index aComputer Science aComputer science, information & general works cBK 001040708CSaUITUbUITUd2003-01-14eF.B.Cg550.00l0o005.44 TANpQ4806r2024-09-25 07:13:38w2024-09-25yBK c7305d7305